Geometrie pro V. třídu reálek /

Hlavní autor: Vojtěch, Jan, 1879-1953
Jazyk: Čeština
Vydáno: V Praze : Jednota čes. mathematiků, 1911
Fyzický popis: 180 s. ; 8°
Knihy
Uloženo v:
LEADER 00637nam a22002052a 4500
001 000651833
003 CZ BrMZK
005 20080319125856.0
007 ta
008 030206s1911 xr f cze d
015 |a cnb000904222 
040 |a BOA001  |b cze  |c BOA001 
100 1 |a Vojtěch, Jan,  |d 1879-1953  |7 jk01150366  |4 aut 
245 1 0 |a Geometrie pro V. třídu reálek /  |c napsal Jan Vojtěch 
260 |a V Praze :  |b Jednota čes. mathematiků,  |c 1911 
300 |a 180 s. ;  |c 8° 
910 |a BOA001  |b 2-0056.497,5 
990 |a BK 
993 |a Y 
996 6 |b 2619200219  |c 2-0056.497,5  |l MZK  |r Sklad / do 24 hodin  |n 3  |w 000651833  |u 000020  |a 1  |e BOA001  |j MZK50  |s P